000 00298nam a22001337a 4500
008 170421b xxu||||| |||| 00| 0 eng d
020 _a9780078298998
041 _aeng
080 _a573
100 _a11
101 _aSHM
245 _aBIOLOGY THE DYNAMICS OF LIFE
_cBIGGS.A
942 _2udc
_cBK
999 _c11551
_d11551